|
|
|
|
| LEADER |
00000nab a2200000 a 4500 |
| 001 |
vtls001503877 |
| 003 |
SK-MaSNL |
| 005 |
20260426071623.0 |
| 008 |
140302s1998 xo 000 0 slo |
| 035 |
|
|
|a SPKCL6204
|
| 040 |
|
|
|a SPKCL
|b slo
|c SNKBUCL
|d ÚIP-SPK(JD)
|e AACR2
|
| 041 |
|
|
|a slo
|
| 044 |
|
|
|a xo
|c SK
|
| 080 |
|
|
|a 37.01:008:323.15
|2 1981
|
| 100 |
1 |
|
|a Vargová-Hábovčíková, Bohuslava,
|d 1951-2015
|4 aut
|9 104836
|
| 245 |
1 |
0 |
|a Čo je to multikultúrnosť?
|b Sme národnostne znášanliví? Vo vzťahu k občanom maďarskej národnosti sa rozdeľujeme zhruba na tri rovnako veľké skupiny.
|c Bohuslava Habovčíková
|
| 520 |
|
|
|a Pojem multikultúrnosť. Zaostávanie teórie za praxou. Vzťah k etnikám. Tolerancia. Maďarská národnostná menšina na Slovensku.
|
| 651 |
|
7 |
|a Slovensko
|2 snkbucl
|9 14231
|
| 773 |
1 |
|
|t Učiteľské noviny
|g Roč. 48, č. 4 (1998) s. 9
|
| 850 |
|
|
|a Slovenská pedagogická knižnica Bratislava
|
| 852 |
|
|
|a SPKCL
|b KIS3GCP
|b 000710000
|n SK
|
| 999 |
|
|
|c 2680310
|d 2682240
|